000 00425nam a2200193Ia 4500
005 20240823033918.0
008 240823s9999||||xx |||||||||||||| ||und||
020 _a81-7130-141-X
041 _aMALAYALAM
082 _A894.8123 Q1
100 _aAnand .
245 0 _aAbhayarthikal
250 _a1st
260 _c2011
_b"D C Books,Kot"
500 _aYES
650 _aNovel
_bEnglish
942 _cBK
999 _c196957
_d196957